| 000 | 01386nam a22002537a 4500 | ||
|---|---|---|---|
| 999 |
_c17541 _d17541 |
||
| 005 | 20251125232858.0 | ||
| 008 | s2538 th tha d | ||
| 020 | _a9742821798 | ||
| 040 | _aNALT | ||
| 041 | _atha | ||
| 100 | 0 | _aสมพร พรหมหิตาธร | |
| 245 | 1 | 0 | _aพระราชบัญญัติควบคุมกิจการเทปและวัสดุโทรทัศน์ พ.ศ. 2530 /สมพร พรหมหิตาธร [2nd] |
| 260 | 3 |
_aกรุงเทพฯ : _bวิญญูชน, _c2538 |
|
| 300 |
_a115 หน้า ; _b 26 ซม. |
||
| 650 | 0 | 4 | _aกิจการเทปและวัสดุโทรทัศน์ -- กฎหมายและระเบียบข้อบังคับ |
| 650 | 0 | 4 | _aกิจการเทปและวัสดุโทรทัศน์ -- การควบคุม (พ.ร.บ.) -- 2530 |
| 650 | 0 | 4 | _aวัสดุโทรทัศน์ -- กฎหมายและระเบียบข้อบังคับ |
| 650 | 0 | 4 | _aเทป -- กฎหมายและระเบียบข้อบังคับ |
| 850 | _aNALT | ||
| 856 | 4 | 0 |
_uhttps://hdl.handle.net/20.500.14156/301488 _71 |
| 942 |
_cLB _2lcc |
||
| 998 |
_j25 _k นีลวัสน์ อินทรักษา |
||
| 090 | _aKR63 ส265พ 2538 | ||